Fundación Augusto C. Sandino: una experiencia de participación popular
El texto explora la experiencia de la Fundación Augusto C. Sandino en Nicaragua, destacando su enfoque en la participación popular. A través de un análisis detallado, se examina cómo la fundación ha promovido la involucración activa de la comunidad en diversos aspectos, abarcando desde el desarrollo...
שמור ב:
| פורמט: | Texto |
|---|---|
| שפה: | Spanish |
| יצא לאור: |
Managua :
FACS
|
| נושאים: | |
| תגים: |
הוספת תג
אין תגיות, היה/י הראשונ/ה לתייג את הרשומה!
|
MARC
| LEADER | 00000 a a2200000 04500 | ||
|---|---|---|---|
| 001 | 38996 | ||
| 003 | cru CIDCAS/IIS | ||
| 005 | 20231020062602.0 | ||
| 008 | 230904b |||||||| |||| 00| 0 spa d | ||
| 040 | |c cru CIDCAS/IIS | ||
| 090 | |a 01.03.01 F981f | ||
| 245 | |a Fundación Augusto C. Sandino: una experiencia de participación popular | ||
| 260 | |a Managua : |b FACS | ||
| 300 | |a 17 p. | ||
| 300 | |b il. | ||
| 520 | |a El texto explora la experiencia de la Fundación Augusto C. Sandino en Nicaragua, destacando su enfoque en la participación popular. A través de un análisis detallado, se examina cómo la fundación ha promovido la involucración activa de la comunidad en diversos aspectos, abarcando desde el desarrollo local hasta la promoción cultural y social. Se resalta el impacto de esta iniciativa en la construcción de una base sólida de participación ciudadana, contribuyendo al fortalecimiento de la sociedad civil y al fomento de la cohesión comunitaria. RAR 08/2023 | ||
| 650 | 0 | |2 OCDE |9 627 |a DESARROLLO LOCAL | |
| 650 | 0 | |2 OCDE |9 2527 |a PARTICIPACION COMUNITARIA | |
| 650 | 0 | |2 OCDE |9 7877 |a COHESION SOCIAL | |
| 650 | 0 | |a PROMOCION CULTURAL |9 3306 | |
| 942 | |2 z |c LI |h 01.03.01 F981f |6 010301_F981F | ||
| 999 | |c 14990 |d 14990 | ||
